00763 2200229 4500001002100000005001700021008004100038020001800079035002400097082001100121090002300132100001800155245008100173260002700254300002700281500013100308650003400439850001200473980001800485985000600503999002400509YOGYA-0209000005641920090227034026.0 ind  a979-731-289-5 0010-020900000056419 a510.76 a510.76bJul PlDEP aJULIE, Hongki aPaket pembelajaran matematika SMA kelas X semester 1cpenyusun, Hongki Julie aYogyakartabAndic2004 axi, 55 hlmc21 x 29 cm aBibliografi : hlm. 55bDiterbitkan atas kerjasama Dinas Pendidikan Propinsi DIY, Yayasan Anak Bangsa Mandiri dan penerbit Andi aMatematika - Ujian, soal, dsb aYOPDYOG a20 April 2005 a1 a2004-252 h CB-D. 11